Izmenenije i vvedenije funkcij v organičeskom sinteze /

Hlavní autor: Mathieu, Jean, 1917-2003
Další autoři: Panico, Robert, 1925-2001, Weill-Raynal, Jean, Jufit, S. S.
Jazyk: Ruština
Vydáno: Moskva : Mir, 1980
Fyzický popis: 438 s.
Knihy
Uloženo v:
LEADER 00958nam a22002772a 4500
001 001144142
003 CZ BrMZK
005 20220913074638.0
007 ta
008 110412s1980 ru er|||||||||||rus d
040 |a ABA001  |b cze  |c ABA001  |d ABA001  |d BOA001 
041 1 |a rus  |h fre 
080 9 |a 547.1 
100 1 |a Mathieu, Jean,  |d 1917-2003  |7 mub2013749702  |4 aut 
245 1 0 |a Izmenenije i vvedenije funkcij v organičeskom sinteze /  |c Ž. Mat‘je, R. Paniko, Ž. Vejl-Rejnal ; perev. S.S. Jufita 
260 |a Moskva :  |b Mir,  |c 1980 
300 |a 438 s. 
500 |a Přeloženo z francouzštiny 
700 1 |a Panico, Robert,  |d 1925-2001  |7 skuk0004447  |4 aut 
700 1 |a Weill-Raynal, Jean  |4 aut 
700 1 |a Jufit, S. S.  |4 trl 
765 0 |t Aménagement fonctionel en synthèse organique  |9 Rusky 
910 |a BOA001  |b 2-0834.578 
990 |a BK 
991 |b 201104 
996 7 |b 2619398681  |c 2-0834.578  |l MZK  |r Sklad / do 1 hodiny  |n 0  |w 001176631  |u 000010  |a 1  |e BOA001  |j MZK50  |s A